Top 20 Most Densely Populated Countries - Statistics

General Stats
  • This quiz has been taken 49 times
  • The average score is 10 of 20
Answer Stats
Hint Answer % Correct
2 Monaco
80%
16 Republic of China
74%
3 Singapore
72%
4 Hong Kong
67%
1 Macau
65%
12 Bangladesh
63%
9 Bermuda
54%
5 Gibraltar
54%
14 Guernsey
54%
13 Jersey
54%
19 Aruba
52%
8 Malta
52%
10 Sint Maarten
52%
7 Bahrain
48%
15 Saint-Martin
46%
6 Vatican City
41%
11 Maldives
24%
17 Mauritius
24%
18 Barbados
15%
20 Palestine
0%
No matching quizzes found
Score Distribution
Percent of People with Each Score
Percentile by Number Answered
Your Score History
You have not taken this quiz